000 00606nam a2200241 a 4500
001 nice12345678
003 IN_TiNIC
005 20260116011326.0
008 050524s1938 para grp 000 0 fre
020 _a
_c100
082 0 0 _a492.7344
_bIBN
100 _aIbn, Sina
245 _aLexique De La Langue Philosophique D`Ibn Sina, French-Arabic
260 _aParis
_bDesclee De Brouwer
_c1938
300 _a496p
500 _aincludes index and biblioraphy
505 2 _aarchives
650 _aDictionary-French-Arabic
700 1 _aIbn, Sina
902 _bRHR
942 _cBK
999 _c522
_d522